000 00585nam a2200193Ia 4500
005 20260114185817.0
008 008 260114s9999 xx 000 0 eng d
020 _a9781472595997
037 _aEBOOK
040 _aCRL
_beng
_cCRL
041 _aeng
_2eng
084 _qCRL
100 _aAdam Geczy
_9874676
245 4 _aThe Artificial Body in Fashion and Art Marionettes, Models and Mannequins
260 _bBloomsbury
_c2016
856 _uhttps://doi.org/10.5040/9781472595997?locatt=label:secondary_bloomsburyCollections
942 _cEBOOK
999 _c1473610
_d1473610